| LEADER | 00807nam a2200205 a 4500 | ||
|---|---|---|---|
| 001 | GR-MES7683 | ||
| 008 | 010116s gr 000 0 gre d | ||
| 040 | |a GrPaTEI |b gre |c GR-PaULI | ||
| 040 | |a GrPaTEI |b gre |c GR-PaULI | ||
| 245 | 0 | 2 | |a Η τέχνη των μπονσάι / |c Andreas Marenzio ; Ηλίας Κατσούλης. |
| 260 | |a Αθήνα : |b Ψυχαλος, |c [x.x] | ||
| 300 | |a 182 σελ. | ||
| 300 | |c εικ. | ||
| 650 | 4 | |a Μπονσαι | |
| 700 | 1 | |a MARENZIO, ANDREAS | |
| 700 | 1 | |a Κατσούλης, Ηλίας | |
| 942 | |2 ddc | ||
| 952 | |0 0 |1 0 |2 ddc |4 0 |6 635_977000000000000_2_MAR |7 0 |9 278046 |a MSLG |b MSLG |c BSC |d 2021-01-17 |e 24 |f 0 |g 0.00 |l 0 |o 635.977 2 MAR |p 2420000017830 |r 2021-01-17 00:00:00 |t 1 |w 2021-01-17 |y BK15 |x 20010116 0 1 |x GrPaTEI | ||
| 971 | |a .b25861530 |b 16-04-20 |c 14-09-16 | ||
| 999 | |c 161684 |d 161684 | ||